000 00665cab a2200265 4500
001 ABS60572
008 090401t1999 xxu||||| |||| 00| 0 eng d
035 _a(Sirsi) u93101
041 _aeng
100 _aCook, A.
245 4 _aThe roaring twenties
260 _c1999
350 _a0
490 _aBuilding
_v264(8084) 23 April 1999, 38-47(10)
650 _aARCHITECTS
650 _aBUILDING SURVEYORS
650 _aCONSULTANTS
650 _aENGINEERS
650 _aQUANTITY SURVEYORS
650 _aSALARY SURVEYS
690 _aMANAGEMENT-BUSINESS MANAGEMENT-PROFESSIONAL PRACTICE
700 _aCavill, N.
942 _n0
948 _c30/04/1999
999 _c59004
_d59004